Tres músicos españoles (Record no. 79761)

MARC details
000 -LEADER
campo de control de longitud fija 00910nam a2200193 i 4500
001 - NÚMERO DE CONTROL
campo de control 79761
003 - IDENTIFICADOR DE NÚMERO DE CONTROL
campo de control ES-MaACL
005 - FECHA Y HORA DE LA ÚLTIMA TRANSACCIÓN
campo de control 20240419213206.0
007 - CAMPO FIJO DE DESCRIPCIÓN FÍSICA--INFORMACIÓN GENERAL
campo de control de longitud fija t|
008 - DATOS DE LONGITUD FIJA--INFORMACIÓN GENERAL
campo de control de longitud fija 041025s1912 sp ||||1| spa d
100 1# - ENTRADA PRINCIPAL--NOMBRE DE PERSONA
Nombre de persona Herrero y Sánchez, José Joaquín.
9 (RLIN) 63269
245 10 - MENCIÓN DEL TÍTULO
Título Tres músicos españoles
Resto del título : Juan del Encina, Lucas Fernández, Manuel Doyagüe y la cultura artística de su tiempo : discurso leído ante la Real Academia de Bellas Artes de San Fernando en la recepción pública /
Mención de responsabilidad, etc. por José Joaquín Herrero ; contestación de Cecilio Roda López el 23 de junio de 1912.
260 ## - PUBLICACIÓN, DISTRIBUCIÓN, ETC.
Lugar de publicación, distribución, etc. Madrid :
Nombre del editor, distribuidor, etc. [s.n.],
Fecha de publicación, distribución, etc. 1912 (
Fabricante Tip. Artística de Suárez y Abbad)
300 ## - DESCRIPCIÓN FÍSICA
Extensión 94 p. ;
Dimensiones 25 cm.
700 1# - ENTRADA AGREGADA--NOMBRE PERSONAL
Nombre de persona Roda, Cecilio de,
Fechas asociadas al nombre 1865-1912
9 (RLIN) 227158
710 2# - ENTRADA AGREGADA--NOMBRE DE ENTIDAD CORPORATIVA
Nombre de entidad corporativa o nombre de jurisdicción como elemento de entrada Real Academia de Bellas Artes de San Fernando.
9 (RLIN) 6291
852 ## - LOCALIZACIÓN
Ubicación ES-MaACL
Número de control de estantería L-4912(20-5)
Nota libre .- Donativo Roda
Holdings
Estatus retirado Estado de pérdida Estado de daño No para préstamo Biblioteca de origen Biblioteca actual Ubicación en estantería Fecha de adquisición Fuente de adquisición Total de préstamos Signatura topográfica completa Código de barras Visto por última vez Precio de reemplazo Tipo de ítem Koha
        Biblioteca del Ateneo de Madrid Biblioteca del Ateneo de Madrid Depósito 2 17/01/2008     L-4912(20-5) 1083401 23/02/2023 23/02/2023 Libro impreso